Rozvojové krajiny v kritickom období globálnej krízy

Medziročné tempo rastu reálneho HDP krajín BRICS (2001-2012). Vývoj objemu získaných remitencií v krajinách BRICS (2001-2012). Tvorba hrubého fixného kapitálu v krajinách BRICS. Medziročné zmeny v exporte krajín BRICS.

Salvato in:
Dettagli Bibliografici
Autore principale: Kálovec, Marek
Natura: Capitolo di libro
Lingua:slovacco
Soggetti:
Tags: Aggiungi Tag
Nessun Tag, puoi essere il primo ad aggiungerne!!

MARC

LEADER 00000nla a2200000 4500
001 0195842
005 20240502073308.1
041 0 |a slo 
044 |a SK 
245 1 0 |a Rozvojové krajiny v kritickom období globálnej krízy  |c Marek Kálovec 
520 |a Medziročné tempo rastu reálneho HDP krajín BRICS (2001-2012). Vývoj objemu získaných remitencií v krajinách BRICS (2001-2012). Tvorba hrubého fixného kapitálu v krajinách BRICS. Medziročné zmeny v exporte krajín BRICS. 
610 2 0 |a situácia hospodárska 
610 2 0 |a produkt domáci hrubý 
610 2 0 |a kapitál fixný 
610 2 0 |a obchod zahraničný 
610 2 0 |a krajiny rozvojové 
610 2 0 |a BRICS 
610 2 0 |a kríza finančná 
610 2 0 |a kríza hospodárska 
100 1 |a Kálovec, Marek